Manual: Sistema Web para el control vehicular en el área de transporte en la Dirección General de Migración y Extranjería (DGME) (CFV-DGME)
Proporciona una guía para un mayor rendimiento del sistema así como de su instalación. Describe la lógica con la que fue desarrollado el sistema su estructura y funcionamiento.
| Main Authors: | , |
|---|---|
| Other Authors: | |
| Format: | Tesis Section = Libro |
| Language: | Undetermined Spanish |
| Published: |
Managua
UNI
2020
|
| Subjects: |
| LEADER | 01048nam a2200265Ia 4500 | ||
|---|---|---|---|
| 008 | 240830s9999 xx 000 0 und d | ||
| 040 | |a BIBLIOTECA-RUSB/ Mon 005.74 A696m | ||
| 041 | |a spa | ||
| 082 | |a Mon 005.74 A696m | ||
| 100 | 1 | |a Arias Traña, Berman Norberto | |
| 100 | 1 | |b Díaz Monge, Luis Alfredo | |
| 245 | 1 | 0 | |a Manual: Sistema Web para el control vehicular en el área de transporte en la Dirección General de Migración y Extranjería (DGME) (CFV-DGME) |
| 260 | |a Managua |b UNI |c 2020 | ||
| 300 | |a 27 p. :il. | ||
| 500 | |a Incluye anexos y CD. | ||
| 502 | |a Tesis (Ingeniero en Computación) - UNI, 1994. | ||
| 520 | 3 | |a Proporciona una guía para un mayor rendimiento del sistema así como de su instalación. Describe la lógica con la que fue desarrollado el sistema su estructura y funcionamiento. | |
| 650 | 7 | |a SISTEMA WEB | |
| 650 | 7 | |b MANUAL TECNICO- USUARIO | |
| 650 | 7 | |c ELEMENTOS- MANTENIMIENTO | |
| 650 | 7 | |d HERRAMIENTA | |
| 700 | 1 | |a Tutor: |b Duarte, Lizette | |
| 942 | |c BK |2 ddc | ||
| 991 | |a TESIS | ||
| 999 | |c 22193 | ||